000 03317cam a22004694i 4500
003 PE-LiUPU
005 20250731165413.0
008 151118s2015 pe a grm 000 0 spa d
035 _a(Sirsi) a155161
040 _aPE-LiUPU
_bspa
_cPE-LiUPU
_erda
099 _aTC 2
_bM19 2015
100 1 _aMaldonado Pizarro, Joel Antonio
_eautor
245 1 _aAnálisis del nivel de uso del Nuevo periodismo en la redacción de textos publicados en los diarios El Comercio y La República, Lima, 2015 /
_cJoel Antonio Maldonado Pizarro.
264 0 _c2015.
300 _a141 hojas :
_bilustraciones;
_c30 cm
336 _atext
_2rdacontent
337 _aunmediated
_2rdamedia
338 _avolume
_2rdacarrier
502 _aTesis
_b(Lic.) --
_cUniversidad Peruana Unión,
_d2015.
504 _aIncluye referencias
520 3 _aEl propósito que enmarcó esta investigación fue el de determinar el nivel de uso del Nuevo periodismo (la cual incluye el dominio de las herramientas literarias dentro de las notas informativas de los periódicos de estudio) en los diarios de El Comercio y La República. El tipo de investigación fue básica de enfoque cuantitativo; el diseño no experimental, y la muestra estuvo conformada por un total de 112 notas periodísticas -por diario- durante el lapso de una semana. Para el desarrollo del estudio, se elaboró un instrumento de medición (una ficha de cotejo) que fue validado por cinco expertos: un linguista, un escritor, dos periodistas y un catedrático de Ciencias de la Comunicación. El análisis se repartió en cuatro secciones de los diarios de estudio: Política, Opinión, Mundo y Espectáculos. Cada sección fue evaluada por medio de las dimensiones de la variable determinada en el estudio. Los resultados del análisis de la ficha de cotejo reflejaron que estadísticamente existe un nivel Deficiente de uso del Nuevo Periodismo dentro de las notas periodísticas de los diarios de El Comercio y la República. Así se pudo comprobar, por ejemplo, que el 68.8% de las notas escritas del diario El Comercio alcanzaron un nivel Deficiente del uso del nuevo Periodismo. Y solo el 0.9% de las 112 notas analizadas tuvieron un nivel de uso Bueno; esto se traduciría a que más de 70 notas analizadas tuvieron un nivel de uso Bueno; esto se traduciría a que más de 70 notas no cumplieron con los requisitos de las dimensiones de la variable de estudio y solo una nota llegó a cumplir satisfactoriamente los requerimientos del Nuevo Periodismo. De la misma forma, el diario La República alcanzó un 71.4% de nivel Deficiente en cuanto al uso de la variable de investigación y tuvo un 0.0% de nivel Bueno.
526 _aSEG44
526 _aSEG26
526 _aP151
526 _aP150
526 _aP149
526 _aP146
526 _aP145
526 _aP126
526 _aP125
526 _aP92
526 _aP75
526 _aP74
526 _aP27
526 _aP15
650 1 4 _aPublicidad
_xRedaccion.
610 _aDiario El Comercio
_xPublicidad
_xRedacción.
610 _aDiario La República
_xPublicidad
_xRedacción.
596 _a1
942 _2ddc
_cTESIS
999 _aTC 2 M19 2015
_wALPHANUM
_c7843
_iT01840
_lCCODEBUL3
_mBUL
_r1
_sY
_tTESIS
_u2015-11-18
_xEDUCACION
_PP07
_o.STAFF. Tesis
_d7843
980 _81
_gALBERTO SANCHEZ Responsable de Automatización